| 000 | 00558nam a2200205Ia 4500 | ||
|---|---|---|---|
| 003 | GCL | ||
| 008 | 140319s9999 xx 000 0 ara d | ||
| 040 |
_aGCL / _cGCL |
||
| 082 | 0 | 4 |
_a301.243 _bب م |
| 100 | 1 | _aعبدالعزيز كامل | |
| 245 | 1 | 0 |
_aمشكلات المستقبل / _cعبدالعزيز كامل |
| 700 | 1 | _aبراون، هاريسون | |
| 700 | 1 | _aمحمود محمد موسى | |
| 300 | _a425 ص | ||
| 490 |
_a100 قصة _v0 |
||
| 650 | 0 | 4 | _aالهجرة |
| 650 | 0 | 4 | _aالطاقة |
| 650 | 0 | 4 | _aالغذاء |
| 942 |
_2ddc _cBK |
||
| 999 |
_c44322 _d44322 |
||